| 000 | 00368 a2200169 4500 | ||
|---|---|---|---|
| 001 | 186887 | ||
| 020 | _a85-262-2796-3 | ||
| 040 | _cMagnum | ||
| 100 | _aCisalpino, Murilo | ||
| 240 | 1 | 0 |
_aMuito prazer, dona rua! _lpor |
| 245 | 1 | 0 | _aMuito prazer, dona rua! |
| 300 | _a24 | ||
| 362 | 0 | _a1996 | |
| 440 | 1 | _aScipione | |
| 697 | _aLITERATURA INFANTIL | ||
| 942 | _cBK | ||
| 999 |
_c186887 _d186887 |
||